000 00533nam a2200169Ia 4500
008 090201s9999 xx 000 0 und d
010 _aKPL-50125
040 _bमराठी
041 _aमराठी
082 _a51408
_b50125
100 _aपोपटराव भसे
245 _aहायसोसायटी
_cपोपटराव भसे
260 _c2007
_bशांती पब्लिकेशन्स
300 _a208
_bमोठा
600 _aहायसोसायटी
942 _cBOOK
999 _c247887
_d247887